| 000 | 00753nam a2200217 a 4500 | ||
|---|---|---|---|
| 001 | BRCA_2507 | ||
| 005 | 20190320203837.0 | ||
| 008 | 271108s1924----gw-a---###---#000-0#ger-u | ||
| 050 | 4 |
_aNK4565 _b.S36 1924 |
|
| 100 | 1 |
_aSchmidt, Robert _97211 |
|
| 245 | 1 | 0 |
_aChinesische Keramik von der Han-zeit bis zum XIX _bJahrhundert _cvon Robert Schmidt ; herausgegeben unter Mitarbeit von Alfred Oppenheim und Karl Bacher. |
| 260 |
_aFrankfurt, Alemania _bFrankfurter Verlags Anstalt _c1924 |
||
| 300 |
_a117 p. _bil. (algunas a color), 132 láminas _c29 cm. |
||
| 500 | _aA1 | ||
| 650 | 1 | 4 |
_aCerámica china _97212 |
| 650 | 1 | 4 |
_aCerámica _xHistoria _91463 |
| 700 | 1 |
_aOppenheim, Alfred _97213 |
|
| 700 | 1 |
_aBacher, Karl _97214 |
|
| 902 | _aGFM | ||
| 942 |
_2lcc _cB |
||
| 999 |
_c2248 _d2248 |
||